000 00219nam a22000857a 4500
008 160805b xxu||||| |||| 00| 0 eng d
100 _947
_aSingh N
245 _aSecondary Physics-X
260 _aNew Delhi
_bAPC Publication
_c2011
999 _c2699
_d2699